Central Library OPAC University of Rajshahi

The structures of alloys of iron : (Record no. 69082)

MARC details
000 -LEADER
fixed length control field 00895nam a2200265 a 4500
001 - CONTROL NUMBER
control field 69082
003 - CONTROL NUMBER IDENTIFIER
rucl marc code BD-RjUL
005 - DATE AND TIME OF LATEST TRANSACTION
control field 20211209081840.0
008 - FIXED-LENGTH DATA ELEMENTS--GENERAL INFORMATION
fixed length control field 170409s1966 enka b 001 0 eng d
035 ## - SYSTEM CONTROL NUMBER
System control number (BD-RjUL)69293
040 ## - CATALOGING SOURCE
Original cataloging agency DLC
Transcribing agency OU
Modifying agency OCoLC
-- Uk
-- BD-RjUL
Language of cataloging eng
041 ## - LANGUAGE CODE
Language code of text/sound track or separate title eng
082 ## - DEWEY DECIMAL CLASSIFICATION NUMBER
Classification number 669.1
Edition number 23
Author mark and year HUS 1966
100 2# - MAIN ENTRY--PERSONAL NAME
Personal name Hume-Rothery, William
9 (RLIN) 204656
245 14 - TITLE STATEMENT
Title The structures of alloys of iron :
Remainder of title an elementary introduction /
Statement of responsibility, etc. W. Hume-Rothery
250 ## - EDITION STATEMENT
Edition statement 1st ed.
260 ## - PUBLICATION, DISTRIBUTION, ETC. (IMPRINT)
Place of publication, distribution, etc. Oxford :
Name of publisher, distributor, etc. Pergamon Press,
Date of publication, distribution, etc. 1966.
300 ## - PHYSICAL DESCRIPTION
Pagination x, 350 p. :
Illustrations ill. ;
Size 20 cm.
490 0# - SERIES STATEMENT
Series statement The Commonwealth and International Library: Metallurgical Division
504 ## - BIBLIOGRAPHY, ETC. NOTE
Bibliography, etc Includes bibliographies and Index.
650 #0 - SUBJECT ADDED ENTRY--TOPICAL TERM
Topical term or geographic name as entry element Ferrous Metals
9 (RLIN) 204657
830 ## - SERIES ADDED ENTRY--UNIFORM TITLE
Uniform title The Commonwealth and International Library: Metallurgical Division
942 ## - ADDED ENTRY ELEMENTS (KOHA)
Source of classification or shelving scheme Dewey Decimal Classification
Koha item type Books
Holdings
Lost status Source of classification or shelving scheme Damaged status Not for loan Collection code Permanent Location Current Location Shelving location Date acquired Source of acquisition Cost, normal purchase price Total Checkouts Full call number Date last seen Copy number Koha item type
  Dewey Decimal Classification   Not For Loan Non-fiction Central Library, University of Rajshahi Central Library, University of Rajshahi Reading Room 09/12/2021 Book Centre, Dacca 22.50   669.1 HUS 1966 09/04/2017 C-1 Books